Knowledge game: The revolution in learning and communication in the work place (Record no. 1385092)

MARC details
000 -LEADER
fixed length control field 00639nam a2200217Ia 4500
005 - DATE AND TIME OF LATEST TRANSACTION
control field 20250508163745.0
008 - FIXED-LENGTH DATA ELEMENTS--GENERAL INFORMATION
fixed length control field 008 250505s9999 xx 000 0 eng d
020 ## - INTERNATIONAL STANDARD BOOK NUMBER
International Standard Book Number 0304-703-26-5
037 ## - SOURCE OF ACQUISITION
Stock number TextBook
040 ## - CATALOGING SOURCE
Original cataloging agency FEDL
Language of cataloging eng
Transcribing agency FEDL
041 ## - LANGUAGE CODE
Language code of text/sound track or separate title eng
Source of code eng
084 ## - COLON CLASSIFICATION NUMBER
Classification number 001.2, WIL
Assigning agency FEDL
100 ## - MAIN ENTRY--PERSONAL NAME
Personal name Wills Gordon Ed.
245 #0 - TITLE STATEMENT
Title Knowledge game: The revolution in learning and communication in the work place
260 ## - PUBLICATION, DISTRIBUTION, ETC.
Place of publication, distribution, etc. London, UK
Name of publisher, distributor, etc. Cassell
Date of publication, distribution, etc. 1998
300 ## - PHYSICAL DESCRIPTION
Extent 267
365 ## - TRADE PRICE
Price type code GBP
Price amount 16.99
650 ## - SUBJECT ADDED ENTRY--TOPICAL TERM
Topical term or geographic name entry element Knowledge; Learning; Communication
9 (RLIN) 776236
942 ## - ADDED ENTRY ELEMENTS (KOHA)
Koha item type Textbook
Classification part 001.2, WIL
Holdings
Withdrawn status Lost status Damaged status Not for loan Home library Current library Date acquired Cost, normal purchase price Total Checkouts Full call number Barcode Date last seen Price effective from Koha item type
        Department of Education Library Department of Education Library 2025-05-08 16.99   001.2, WIL EL0078640 2025-05-08 2025-05-08 Textbook
Copyright @ Delhi University Library System